000 00333nam a2200157Ia 4500
100 _aBasu/P.K/ Dhasmana/H
650 _aEngg physics
942 _cBK
366 _f20
245 _aSolid state Engineering Physics
260 _bAne Books India
_c2008
082 _a530
_bBAS
300 _a171
546 _aENGLISH
999 _c31632
_d31632